[Event "POLFINALY MISTRZOSTW POLSKI JUNIOROW 2021 C-13"]
[Site "Jatrzebia Gora"]
[Date "1899-12-30"]
[Round "2.9"]
[White "Przedlacki, Wiktor"]
[Black "Spionkowski, Fabian"]
[Result "1-0"]
[WhiteTitle "III"]
[BlackTitle "I+"]
[WhiteElo "1176"]
[BlackElo "1687"]

1. e4 c5 2. Nf3 Nc6 3. d4 cxd4 4. Nxd4 g6 5. c4 Bg7 6. Be3 Nf6 7. Nc3 O-O 8. Be2
d6 9. O-O Bd7 10. b3 Rc8 11. Rc1 a6 12. f3 Re8 13. Qd2 Ne5 14. Rfd1 h5 15. Bf2
Kh7 16. Nc2 Rg8 17. h3 g5 18. Be3 Bh6 19. Kf2 Rg6 20. Rh1 Kg7 21. Rcg1 h4 22.
g3 hxg3+ 23. Rxg3 Nh5 24. Rxg5 Bxg5 25. Bxg5 f6 26. Be3 Kh7 27. f4 Qg8 28. fxe5
Rg2+ 29. Ke1 Qg3+ 30. Kd1 fxe5 31. Qd5 Nf4 32. Qxb7 Nxe2 33. Nxe2 Qf3 34. Re1
Bxh3 35. Qxe7+ Rg7 36. Qh4+ Kg8 37. Qf2 Qxe4 38. Rg1 Qd3+ 39. Kc1 Bf5 40. Rxg7+
Kxg7 41. Ng3 Bg6 42. Qd2 Rf8 43. Bh6+ Kg8 44. Qxd3 Bxd3 45. Bxf8 Kxf8 46. Kd2
Bg6 47. Ne2 Ke8 48. Nc3 Kd7 49. Nb4 a5 50. Nbd5 Bf7 51. Ke3 Kc6 52. a3 Kc5 53.
Ne4+ Kc6 54. b4 axb4 55. Nxb4+ Kc7 56. Nd2 Kb6 57. Kd3 Ka5 58. Kc3 Ka4 59. Kb2
e4 60. Nc6 e3 61. Ne4 Bxc4 62. Nc3# 1-0

[Event "POLFINALY MISTRZOSTW POLSKI JUNIOROW 2021 C-13"]
[Site "Jatrzebia Gora"]
[Date "1899-12-30"]
[Round "2.10"]
[White "Nocek, Dominik"]
[Black "Renn, Grzegorz"]
[Result "1-0"]
[WhiteTitle "II"]
[BlackTitle "II"]
[WhiteElo "1428"]
[BlackElo "1125"]

1. e4 c5 2. Nf3 Nc6 3. c3 d5 4. exd5 Qxd5 5. d4 Bf5 6. Be3 Nf6 7. Na3 cxd4 8. Nb5
Qd7 9. Nfxd4 O-O-O 10. Qa4 Nxd4 11. cxd4 a6 12. Rc1+ Kb8 13. Bf4+ Ka8 14. Nc7+
Ka7 15. Qa5 Nd5 16. Bxa6 Nxf4 17. Bb5+ Kb8 18. Qa8# 1-0

[Event "POLFINALY MISTRZOSTW POLSKI JUNIOROW 2021 C-13"]
[Site "Jatrzebia Gora"]
[Date "1899-12-30"]
[Round "2.11"]
[White "Leszczewicz, Karol"]
[Black "Kolendo, Tymon"]
[Result "1/2-1/2"]
[WhiteTitle "II+"]
[BlackTitle "III"]
[WhiteElo "1393"]
[BlackElo "1086"]

1. d4 d5 2. c4 e6 3. Nc3 c5 4. Nf3 cxd4 5. Nxd4 Nf6 6. Bg5 Be7 7. e3 dxc4 8. Bxc4
O-O 9. O-O Qc7 10. Qe2 a6 11. Rac1 Nc6 12. Rfd1 b5 13. Nxc6 Qxc6 14. Bxb5 axb5
15. Nd5 Qb7 16. Rc7 Nxd5 17. Rxb7 Bxb7 18. Bxe7 Nxe7 19. Rd7 Ra7 20. Rxe7 Bf3
21. Qxf3 Rxe7 22. Qc6 Rb8 23. Kf1 h6 24. Ke2 b4 25. Kd2 Ree8 26. Ke2 Red8 27.
a4 bxa3 28. bxa3 Ra8 29. a4 Ra5 30. Kf3 Rda8 31. g3 Rxa4 32. h4 Ra2 1/2-1/2

[Event "POLFINALY MISTRZOSTW POLSKI JUNIOROW 2021 C-13"]
[Site "Jatrzebia Gora"]
[Date "1899-12-30"]
[Round "2.12"]
[White "Osinski, Maksymilian"]
[Black "Stanik, Szymon"]
[Result "1/2-1/2"]
[WhiteTitle "II"]
[BlackTitle "II"]
[WhiteElo "1238"]
[BlackElo "1372"]

1. e4 c5 2. Nf3 e6 3. d4 cxd4 4. Nxd4 a6 5. Bd3 Nf6 6. O-O Qc7 7. Qe2 d6 8. f4
Nbd7 9. c4 Be7 10. Nc3 O-O 11. Bd2 b6 12. Rae1 Nc5 13. Bc2 Bb7 14. e5 Ne8 15.
Qh5 g6 16. Qh6 f5 17. b4 dxe5 18. fxe5 Nd7 19. Nxe6 Qc6 20. Nf4 Bxb4 21. Ncd5
Bc5+ 22. Be3 Nxe5 23. Bxc5 Qxc5+ 24. Re3 Bxd5 25. Nxd5 Ng4 26. Qg5 Nxe3 27. Nxe3
Ng7 28. Kh1 Kh8 29. Qh6 Kg8 30. Nd5 Rae8 31. h3 Nh5 32. Qg5 Kg7 33. Bb3 h6 34.
Qh4 f4 35. Nxf4 Nxf4 36. Rxf4 g5 37. Rxf8 gxh4 38. Rxe8 Kf7 39. Re4 Kg6 40. Rg4+
Kf5 41. Rxh4 Qf2 1/2-1/2

[Event "POLFINALY MISTRZOSTW POLSKI JUNIOROW 2021 C-13"]
[Site "Jatrzebia Gora"]
[Date "1899-12-30"]
[Round "2.13"]
[White "Nowakowski, Maksymilian"]
[Black "Wieckowski, Igor"]
[Result "1-0"]
[WhiteTitle "II"]
[BlackTitle "II"]
[WhiteElo "1368"]
[BlackElo "1140"]

1. d4 Nf6 2. Nf3 d5 3. Bf4 c5 4. c3 Nc6 5. e3 Qb6 6. Qc2 c4 7. b3 cxb3 8. axb3
Na5 9. Nbd2 Bg4 10. Bd3 e6 11. O-O Be7 12. Rfb1 Nh5 13. Bg3 Nxg3 14. hxg3 h5 15.
Nh2 e5 16. Nxg4 hxg4 17. dxe5 Qh6 18. Kf1 Nc6 19. Bb5 Qh1+ 20. Ke2 Qh7 21. Qxh7
Rxh7 22. Rh1 Rxh1 23. Rxh1 a6 24. Bxc6+ bxc6 25. Rh8+ Bf8 26. Rh4 Kd7 27. Rxg4
Ke6 28. f4 a5 29. e4 dxe4 30. Nxe4 Kf5 31. Kf3 a4 32. bxa4 Rxa4 33. Rg5+ Ke6 34.
Ke3 Ra2 35. Nd2 Bc5+ 36. Kd3 g6 37. Rg4 Be7 38. Nf1 Rxg2 39. Ne3 Ra2 40. c4 Bc5
41. Nc2 Be7 42. Nd4+ Kd7 43. e6+ fxe6 44. Rxg6 Ra3+ 45. Ke4 Ra1 46. Rxe6 c5 47.
Rxe7+ Kxe7 48. Nb3 Ra3 49. Nxc5 Rxg3 50. Nd3 Rg2 51. Nc5 Rc2 52. Kd5 Rd2+ 53.
Ke5 Rc2 54. Kd4 Kd6 55. Nd3 Rd2 56. c5+ Kc6 57. Kc4 Rc2+ 58. Kd4 Rd2 59. Ke3 Rh2
60. Kf3 Rh3+ 61. Ke4 Rh2 62. f5 Re2+ 63. Kd4 Rd2 64. f6 Rh2 65. Ne5+ Kc7 66. Kd5
Rf2 67. Ke6 Kd8 68. f7 Rf1 69. Ng6 1-0

[Event "POLFINALY MISTRZOSTW POLSKI JUNIOROW 2021 C-13"]
[Site "Jatrzebia Gora"]
[Date "1899-12-30"]
[Round "2.14"]
[White "Kempinski, Szymon"]
[Black "Nagly, Wojciech"]
[Result "1/2-1/2"]
[WhiteTitle "II"]
[BlackTitle "II"]
[WhiteElo "1103"]
[BlackElo "1432"]

1. e4 c5 2. Nf3 Nc6 3. d4 cxd4 4. Nxd4 g6 5. Nc3 Bg7 6. Be3 Nf6 7. Be2 O-O 8. Nb3
d6 9. O-O a5 10. a4 Be6 11. Nd4 Qc8 12. h3 Nb4 13. f4 Bc4 14. f5 e5 15. fxe6 fxe6
16. Ndb5 d5 17. Nd6 Qc6 18. Nxc4 dxc4 19. Bf3 Rad8 20. Qe2 e5 21. Rad1 Rd7 22.
Rxd7 Nxd7 23. Rd1 Re8 24. Nd5 Nf8 25. Bg4 h5 26. Nxb4 axb4 27. Bf3 Ne6 28. b3
cxb3 29. cxb3 Nd4 30. Bxd4 exd4 31. e5 Qc5 32. Qe4 Rxe5 33. Qxg6 h4 34. Be4 Re7
35. Rf1 Rxe4 36. Qxe4 d3+ 37. Kh1 d2 38. Rd1 Bc3 39. Qg6+ Kh8 40. Qh6+ Kg8 41.
Qxh4 Qe5 42. Qf2 Qe1+ 43. Qf1 Qe5 44. g3 Qe4+ 45. Kh2 Qe1 46. Kg2 Kg7 47. a5 Kg6
48. Kf3 Qe6 49. Qd3+ Kf6 50. Rxd2 Bxd2 51. Qxd2 Qxb3+ 52. Kf2 Qc4 53. Ke3 Qe6+
54. Kd3 Qa6+ 55. Kc2 Qxa5 56. Qh6+ Ke7 57. Qg7+ Kd6 58. Qb2 Qf5+ 59. Kd2 Qf2+
60. Kc1 Qe1+ 61. Kc2 Kc5 62. Qb3 Qe2+ 63. Kb1 Qf1+ 64. Kb2 Qxh3 65. Qe3+ Kb5 66.
Kb3 Qf5 67. Qe8+ Kb6 68. Qe3+ Ka6 69. Kxb4 Qa5+ 70. Kc4 b5+ 71. Kd3 Qa3+ 72. Kd2
Qb2+ 73. Kd3 Qb3+ 74. Kd2 Qd5+ 75. Qd3 Qg5+ 76. Kc2 Qc5+ 77. Kd2 Qb4+ 78. Kc2
Qc5+ 79. Kd2 Qf2+ 80. Kc3 Qe1+ 81. Kc2 Qf2+ 82. Kc3 Qf6+ 83. Kc2 Qe7 84. Kd2 Ka5
85. Qc3+ b4 86. Qb3 Qg5+ 87. Kc2 Qf5+ 88. Kb2 Qe5+ 89. Kc2 Qd4 90. Kb1 Kb5 91.
Kc2 Qc5+ 92. Kb1 Qg1+ 93. Kb2 Qf2+ 94. Kb1 Qf5+ 95. Kb2 Qe5+ 96. Kb1 Qd6 97. Kc2
1/2-1/2

[Event "POLFINALY MISTRZOSTW POLSKI JUNIOROW 2021 C-13"]
[Site "Jatrzebia Gora"]
[Date "1899-12-30"]
[Round "2.15"]
[White "Filipczyk, Michal"]
[Black "Wasiluk, Mateusz"]
[Result "0-1"]
[WhiteTitle "II"]
[BlackTitle "II"]
[WhiteElo "1136"]
[BlackElo "1263"]

1. d4 Nf6 2. c4 g6 3. Nc3 Bg7 4. e4 d6 5. Nf3 O-O 6. Be2 c5 7. d5 e6 8. O-O exd5
9. exd5 Re8 10. Re1 Nbd7 11. Bf4 Ne5 12. h3 Nfd7 13. Qc1 Nxf3+ 14. Bxf3 Ne5 15.
Be2 Bf5 16. a3 Nd3 17. Bxd3 Rxe1+ 18. Qxe1 Bxd3 19. b3 Qf6 20. Rd1 Bc2 21. Rc1
Bxb3 22. Qd2 Re8 23. Nb5 Bf8 24. Nxa7 Re4 25. Qd3 Qxf4 0-1

[Event "POLFINALY MISTRZOSTW POLSKI JUNIOROW 2021 C-13"]
[Site "Jatrzebia Gora"]
[Date "1899-12-30"]
[Round "2.16"]
[White "Sambor, Piotr"]
[Black "Trusewicz, Jakub"]
[Result "0-1"]
[WhiteTitle "II"]
[BlackTitle "II"]
[WhiteElo "1107"]
[BlackElo "1222"]

1. e4 c5 2. Nf3 g6 3. d3 Bg7 4. c3 Nc6 5. d4 cxd4 6. cxd4 d5 7. e5 f6 8. exf6 Nxf6
9. Nc3 O-O 10. Be2 Bf5 11. O-O Qb6 12. Bb5 Nb4 13. Ba4 Ne4 14. Bb3 Rad8 15. a3
Nxc3 16. bxc3 Nc6 17. Re1 Bg4 18. Bg5 Bxf3 19. gxf3 Qc7 20. Re3 Rf5 21. Bh4 Bh6
22. Bg3 Bf4 23. Bxf4 Qxf4 24. Ba4 Rdf8 25. Bxc6 bxc6 26. Qe2 Rg5+ 27. Kf1 Qxh2
28. Ke1 Rg1+ 29. Kd2 Rxa1 30. Kd3 Qf4 31. Qb2 Qf5+ 32. Ke2 Rb1 33. Qd2 Rfb8 34.
Rxe7 R8b2 35. Re8+ Kf7 0-1

[Event "POLFINALY MISTRZOSTW POLSKI JUNIOROW 2021 C-13"]
[Site "Jatrzebia Gora"]
[Date "1899-12-30"]
[Round "2.17"]
[White "Spytek, Hubert"]
[Black "Pachura, Mateusz"]
[Result "1/2-1/2"]
[WhiteTitle "II"]
[BlackTitle "III"]
[WhiteElo "1220"]
[BlackElo "1107"]

1. d4 e6 2. Bf4 Nf6 3. e3 d5 4. Nd2 c5 5. c3 Nc6 6. Ngf3 Qb6 7. Qc2 cxd4 8. exd4
Bd7 9. Bd3 Rc8 10. a3 Ng4 11. O-O h6 12. h3 Nf6 13. Rae1 Be7 14. Qb1 Nh5 15. Bh2
g5 16. Ne5 Nxe5 17. Bxe5 Bf6 18. Bh2 Rg8 19. g4 Nf4 20. Re3 h5 21. Be2 Bb5 22.
Bxb5+ Qxb5 23. b4 Ne2+ 24. Kh1 Rxc3 25. Rxc3 Nxc3 26. Qc2 Bxd4 27. Kg2 Qc6 28.
Nf3 Bf6 29. Be5 Bxe5 30. Nxe5 Qc7 31. Re1 hxg4 32. Qh7 gxh3+ 33. Kxh3 Rf8 34.
Ng6 Ne4 35. Nxf8 g4+ 36. Kg2 Kxf8 37. Qh8+ Ke7 38. Qh4+ Nf6 39. Qg5 Qc6 40. Qd2
d4+ 41. Kg1 Qc3 42. Qxc3 dxc3 43. Rc1 Nd5 44. Kf1 f5 45. Ke2 e5 46. Kd3 Nf4+ 47.
Ke3 Kd6 48. a4 Kd5 49. Rxc3 Kd6 50. Rc1 Nd5+ 51. Kd3 Nxb4+ 52. Kc4 Nc6 53. Rh1
Ne7 54. Rh6+ Kd7 55. Rf6 1/2-1/2

[Event "POLFINALY MISTRZOSTW POLSKI JUNIOROW 2021 C-13"]
[Site "Jatrzebia Gora"]
[Date "1899-12-30"]
[Round "2.18"]
[White "Saletra, Wiktor"]
[Black "Krzastek, Adrian"]
[Result "1/2-1/2"]
[WhiteTitle "II"]
[BlackTitle "II"]
[WhiteElo "1082"]
[BlackElo "1220"]

1. c4 e5 2. Nc3 Nf6 3. g3 Bc5 4. Bg2 O-O 5. e3 Nc6 6. Nge2 Re8 7. d3 d6 8. O-O
Bg4 9. Na4 Qd7 10. a3 a6 11. b4 Ba7 12. Nac3 Bh3 13. Bb2 Bxg2 14. Kxg2 Ng4 15.
Qd2 Qf5 16. Nd5 Rac8 17. Rae1 Nf6 18. Nec3 Ne7 19. Nxf6+ Qxf6 20. f4 Qe6 21. e4
exf4 22. Qxf4 Ng6 23. Qf5 Qxf5 24. Rxf5 Ne5 25. Rd1 Ng4 26. Bc1 Ne3+ 27. Bxe3
Bxe3 28. Nd5 Bd4 29. Rdf1 c6 30. Nf4 g6 31. Rg5 Bf6 32. Rg4 h6 33. Nxg6 Kh7 34.
Rxf6 fxg6 35. Rgxg6 h5 36. Rxd6 Rf8 37. Rgf6 Rxf6 38. Rxf6 Rd8 39. Rf3 b6 40.
Kf2 a5 41. bxa5 bxa5 42. Ke3 Rb8 43. Rf2 c5 44. Rf5 Rb3 45. Rxh5+ Kg6 46. Rxc5
Rxa3 47. Kd4 a4 48. Ra5 Ra1 49. Kd5 a3 50. c5 a2 51. c6 Kf7 52. c7 Rc1 53. Kd6
Rc3 54. d4 Rc4 55. d5 Rc2 56. Kd7 a1=Q 57. Rxa1 Rxc7+ 58. Kxc7 Kf6 59. d6 Ke5
60. d7 Kd4 61. d8=Q+ Ke3 62. Ra3+ Ke2 63. Qd3+ Ke1 64. Ra2 1/2-1/2

[Event "POLFINALY MISTRZOSTW POLSKI JUNIOROW 2021 C-13"]
[Site "Jatrzebia Gora"]
[Date "1899-12-30"]
[Round "2.19"]
[White "Leoniuk, Jan"]
[Black "Krasniewski, Grzegorz"]
[Result "1/2-1/2"]
[WhiteTitle "II"]
[BlackTitle "III"]
[WhiteElo "1212"]
[BlackElo "1075"]

1. e4 c5 2. Nf3 e6 3. d3 Nc6 4. g3 Qc7 5. Bg2 Nf6 6. O-O Be7 7. Re1 O-O 8. e5 Ng4
9. Bf4 d6 10. exd6 Bxd6 11. Bxd6 Qxd6 12. Nbd2 Bd7 13. Nc4 Qc7 14. h3 Nf6 15.
Nfe5 b5 16. Nxd7 Nxd7 17. Nd2 Rab8 18. c3 a5 19. Qc2 b4 20. d4 cxd4 21. cxd4 Rfc8
22. Rac1 Rb6 23. Nb3 Qa7 24. d5 Ne7 25. Qd2 Rxc1 26. Qxc1 h6 27. Qe3 Nxd5 28.
Bxd5 exd5 29. Rd1 Nf6 30. Qc5 Rb7 31. Qxa5 Qxa5 32. Nxa5 Ra7 33. Nc6 Rxa2 34.
Nxb4 Rxb2 35. Nxd5 Nxd5 36. Rxd5 Kf8 37. Re5 Rb7 38. Kg2 Re7 39. Rxe7 Kxe7 40.
Kf3 1/2-1/2

[Event "POLFINALY MISTRZOSTW POLSKI JUNIOROW 2021 C-13"]
[Site "Jatrzebia Gora"]
[Date "1899-12-30"]
[Round "2.20"]
[White "Mejer, Blazej"]
[Black "Kozik, Maksymilian"]
[Result "1/2-1/2"]
[WhiteTitle "III"]
[BlackTitle "II"]
[WhiteElo "1024"]
[BlackElo "1201"]

1. c4 e5 2. Nc3 Nf6 3. g3 Bb4 4. Bg2 O-O 5. a3 Bxc3 6. bxc3 Nc6 7. e4 d6 8. Ne2
Re8 9. O-O Bg4 10. f3 Bh5 11. d3 h6 12. h3 Qd7 13. g4 Bg6 14. f4 exf4 15. Nxf4
Bh7 16. Nd5 Nxd5 17. cxd5 Ne5 18. g5 hxg5 19. Bxg5 Qb5 20. d4 Nd7 21. Qg4 Nb6
22. Bh6 Bg6 23. Rxf7 Kxf7 24. Rf1+ Qxf1+ 25. Kxf1 gxh6 26. h4 h5 27. Qf4+ Kg7
28. Kg1 Rf8 29. Qg5 Rae8 30. Kh2 Kh7 31. Kg3 Rg8 32. Kh2 Ref8 33. e5 dxe5 34.
Be4 Rf2+ 35. Kh3 Bxe4 36. Qxh5+ Kg7 37. Qxe5+ Kh6 38. Qxe4 Rfg2 39. Qf4+ Kh7 40.
Qf5+ R8g6 41. h5 R2g3+ 42. Kh2 Rg2+ 43. Kh3 R2g3+ 1/2-1/2

[Event "POLFINALY MISTRZOSTW POLSKI JUNIOROW 2021 C-13"]
[Site "Jatrzebia Gora"]
[Date "1899-12-30"]
[Round "2.21"]
[White "Gawlik, Olivier"]
[Black "Weber, Dorian"]
[Result "1-0"]
[WhiteTitle "II"]
[BlackTitle "III"]
[WhiteElo "1183"]
[BlackElo "1002"]

1. d4 e5 2. dxe5 Nc6 3. Nf3 Qe7 4. Bd2 Nxe5 5. Nxe5 Qxe5 6. Bc3 Qe6 7. e3 Nf6 8.
b3 Qd6 9. Qxd6 Bxd6 10. Bc4 O-O 11. Nd2 Bc5 12. h3 c6 13. O-O d5 14. Bd3 Re8 15.
Rad1 Ne4 16. Nxe4 dxe4 17. Bc4 b5 18. Be2 Be6 19. Bd4 Bxd4 20. Rxd4 Rad8 21. Rfd1
Rxd4 22. Rxd4 Bf5 23. g4 Bc8 24. Rd6 g6 25. Rxc6 a6 26. Rd6 Kf8 27. c4 Ke7 28.
Rd4 bxc4 29. Rxe4+ Kd7 30. Rxe8 Kxe8 31. Bxc4 f6 32. Bg8 h6 33. Bc4 a5 34. Kf1
Kd7 35. Bd3 g5 36. Bf5+ Kc7 37. Bxc8 Kxc8 38. Ke2 Kd7 39. Kd3 Kc6 40. Ke4 Kd5+
1-0

[Event "POLFINALY MISTRZOSTW POLSKI JUNIOROW 2021 C-13"]
[Site "Jatrzebia Gora"]
[Date "1899-12-30"]
[Round "3.1"]
[White "Kowalski, Witold"]
[Black "Warchol, Kamil"]
[Result "0-1"]
[WhiteTitle "II+"]
[BlackTitle "CM"]
[WhiteElo "1480"]
[BlackElo "1976"]

1. e4 c5 2. b3 d6 3. Bb2 Nf6 4. Bb5+ Bd7 5. Bxd7+ Qxd7 6. d3 g6 7. Nd2 Bg7 8. f4
Nc6 9. Nh3 O-O 10. Nf3 Rae8 11. O-O e5 12. fxe5 Ng4 13. Qe2 Ngxe5 14. Nxe5 dxe5
15. Ng5 Nd4 16. Qd1 Qc7 17. Nf3 Ne6 18. Qd2 Rc8 19. Rae1 b5 20. c4 b4 21. Rd1
Rcd8 22. Qe3 f6 23. Bc1 Rd6 24. Qe2 Qd7 25. Be3 a5 26. Ne1 Rd8 27. a4 Rf8 28.
Qg4 Qe8 29. Qg3 Kh8 30. Nf3 Qd7 31. Ne1 f5 32. Qf3 Nd4 33. Bxd4 Rxd4 34. exf5
e4 35. Qe2 gxf5 36. Qe3 Rxc4 37. dxc4 Qxd1 38. Qg3 Qe2 39. Rf4 Bd4+ 40. Kh1 Be5
41. Qf2 Qd1 42. Rxe4 Bd4 43. Qf1 Qxb3 44. Qf4 Qxc4 45. Re7 b3 46. h3 b2 47. Qh6
Qf1+ 48. Kh2 Bg1+ 49. Kh1 Bf2+ 50. Kh2 Qg1# 0-1

[Event "POLFINALY MISTRZOSTW POLSKI JUNIOROW 2021 C-13"]
[Site "Jatrzebia Gora"]
[Date "1899-12-30"]
[Round "3.2"]
[White "Jasiulewicz, Dawid"]
[Black "Wilangowski, Olivier"]
[Result "1-0"]
[WhiteTitle "I"]
[BlackTitle "II"]
[WhiteElo "1654"]
[BlackElo "1454"]

1. d4 d5 2. Nf3 Nf6 3. e3 Bf5 4. c4 c6 5. Nc3 e6 6. Bd3 Bg6 7. O-O Nbd7 8. Qe2
Bb4 9. Nd2 O-O 10. e4 Bxc3 11. bxc3 dxe4 12. Nxe4 Nxe4 13. Bxe4 Bxe4 14. Qxe4
Re8 15. f4 Qa5 16. Qd3 Qf5 17. Rf3 Nf6 18. Rb1 Re7 19. Ba3 Rd7 20. Re1 Qxd3 21.
Rxd3 g6 22. Rb1 b6 23. Kf2 Rad8 24. h3 Ne4+ 25. Ke3 Nd6 26. Bxd6 Rxd6 27. a4 Kg7
28. a5 c5 29. Ke4 R8d7 30. g4 f6 31. d5 Kf7 32. f5 exf5+ 33. gxf5 Re7+ 34. Kf3
Re5 35. fxg6+ hxg6 36. Re3 Rh5 37. Ke2 Rh4 38. Kd3 Rh8 39. Rbe1 Rd7 40. axb6 axb6
41. Re6 Rb8 42. Rf1 f5 43. Rg1 Rh8 44. Rgxg6 Rxh3+ 45. Kc2 b5 46. Ref6+ Ke7 47.
d6+ Rxd6 48. Rxd6 bxc4 49. Rge6+ Kf7 50. Rf6+ Ke7 51. Rde6+ Kd7 52. Re5 Rh2+ 53.
Kd1 Rh1+ 54. Re1 Rh5 55. Rf1 Rh3 56. R6xf5 Rxc3 57. Rxc5 Kd6 58. Rh5 Rg3 59. Kc2
Re3 60. Rf6+ Kd5 1-0

[Event "POLFINALY MISTRZOSTW POLSKI JUNIOROW 2021 C-13"]
[Site "Jatrzebia Gora"]
[Date "1899-12-30"]
[Round "3.3"]
[White "Blaszkiewicz, Jakub"]
[Black "Bartnik, Michal"]
[Result "1/2-1/2"]
[WhiteTitle "II"]
[BlackTitle "II+"]
[WhiteElo "1462"]
[BlackElo "1595"]

1. e4 e6 2. d4 d5 3. Nd2 c5 4. c3 Nc6 5. Ngf3 cxd4 6. cxd4 dxe4 7. Nxe4 Be7 8.
Be2 Nf6 9. Nc3 O-O 10. O-O b6 11. h3 Bb7 12. Be3 Nd5 13. Nxd5 Qxd5 14. b3 Bf6
15. Bc4 Qd7 16. Qd2 Rfd8 17. Rfd1 a6 18. Rac1 b5 19. Bd3 Ne7 20. Ne5 Bxe5 21.
dxe5 Nd5 22. Bg5 Rdc8 23. f4 Rxc1 24. Rxc1 Rc8 25. Rf1 Qc6 26. f5 Qc3 27. Qe2
Qd4+ 28. Kh1 Nc3 29. Qd2 Be4 30. Bxe4 Qxd2 31. Bxd2 Nxe4 32. Rc1 Rxc1+ 33. Bxc1
exf5 34. Kg1 Nc3 35. Kf2 1/2-1/2

[Event "POLFINALY MISTRZOSTW POLSKI JUNIOROW 2021 C-13"]
[Site "Jatrzebia Gora"]
[Date "1899-12-30"]
[Round "3.4"]
[White "Sawicki, Dorian"]
[Black "Przedlacki, Wiktor"]
[Result "1-0"]
[WhiteTitle "I"]
[BlackTitle "III"]
[WhiteElo "1550"]
[BlackElo "1176"]

1. d4 Nf6 2. c4 e6 3. Nc3 Bb4 4. Bd2 c5 5. a3 Bxc3 6. Bxc3 cxd4 7. Bxd4 O-O 8.
e3 Nc6 9. Bc3 d5 10. Nf3 a6 11. a4 Ne4 12. Qc2 Nxc3 13. Qxc3 Qe7 14. Be2 Rd8 15.
O-O a5 16. Rfd1 Nb4 17. Nd4 Bd7 18. Nc2 Nxc2 19. Qxc2 Bc6 20. b3 dxc4 21. Bxc4
Rxd1+ 22. Rxd1 Rd8 23. f3 Rxd1+ 24. Qxd1 Qd7 25. Qc2 h6 26. Kf2 Bd5 27. Qd2 Qc6
28. Bxd5 Qxd5 29. Qc2 Qc6 30. Qxc6 bxc6 31. Ke2 Kf8 32. Kd3 Ke7 33. Kc4 Kd6 34.
b4 axb4 35. Kxb4 Kc7 36. Kc5 Kb7 37. a5 e5 38. a6+ Kxa6 39. Kxc6 f6 40. Kd6 Kb5
41. Ke7 Kc4 42. Kf7 e4 43. fxe4 Kd3 44. Kxg7 Kxe4 45. Kxh6 Kxe3 46. Kg6 Kf2 47.
h4 1-0

[Event "POLFINALY MISTRZOSTW POLSKI JUNIOROW 2021 C-13"]
[Site "Jatrzebia Gora"]
[Date "1899-12-30"]
[Round "3.5"]
[White "Nowakowski, Maksymilian"]
[Black "Dobosiewicz, Dawid"]
[Result "0-1"]
[WhiteTitle "II"]
[BlackTitle "I"]
[WhiteElo "1368"]
[BlackElo "1678"]

1. d4 Nf6 2. Bf4 d5 3. Nf3 c5 4. c3 Nc6 5. e3 Qb6 6. Qc2 Bf5 7. dxc5 Bxc2 8. cxb6
Bxb1 9. Rxb1 axb6 10. a3 Nd7 11. Bb5 f6 12. Nd4 Rc8 13. Bg3 e5 14. Nc2 h5 15.
f3 h4 16. Bf2 f5 17. Rd1 Nf6 18. e4 fxe4 19. fxe4 Nxe4 20. Rxd5 Nxf2 21. Kxf2
Bc5+ 22. Ke2 O-O 23. Ne3 g6 24. Rf1 Rf4 25. Rf3 Rxf3 26. gxf3 Re8 27. b4 Bf8 28.
Ng4 Bg7 29. Kd3 Rf8 30. Ke3 Rc8 31. Rd3 Ne7 32. Ke4 Rf8 33. Nxe5 Bxe5 34. Bc4+
Kg7 35. Kxe5 Nc6+ 36. Kd6 Rf6+ 37. Kc7 Ne5 38. Rd4 Rc6+ 39. Kxb7 Rxc4 40. Rxc4
Nxc4 41. a4 Kf6 42. Kc6 Ke5 43. Kb5 Kd5 44. a5 bxa5 45. bxa5 Nxa5 46. Kxa5 Kc4
47. Kb6 Kxc3 48. Kc5 Kd3 49. Kd5 Ke3 50. Ke5 Kxf3 51. Kf6 h3 52. Kg5 Kg2 0-1

[Event "POLFINALY MISTRZOSTW POLSKI JUNIOROW 2021 C-13"]
[Site "Jatrzebia Gora"]
[Date "1899-12-30"]
[Round "3.6"]
[White "Maciaga, Jan"]
[Black "Nocek, Dominik"]
[Result "0-1"]
[WhiteTitle "II"]
[BlackTitle "II"]
[WhiteElo "1375"]
[BlackElo "1428"]

1. c4 e5 2. Nc3 Nf6 3. Nf3 Nc6 4. g3 d5 5. cxd5 Nxd5 6. Bg2 Nb6 7. O-O Be7 8. d3
O-O 9. Be3 Be6 10. Ne4 f5 11. Nc5 Bd5 12. Nxb7 Qc8 13. Nc5 f4 14. Bxf4 exf4 15.
d4 Qg4 16. h3 Qg6 17. g4 Rad8 18. Qd3 Qxd3 19. exd3 Bxf3 20. Ne6 Bxg2 21. Kxg2
Nxd4 22. Nxf8 Kxf8 23. Rac1 f3+ 24. Kh1 Bd6 25. a4 a5 26. Rfe1 Re8 27. Re4 Rxe4
28. dxe4 Ke7 29. e5 Bxe5 30. Rc5 Kd6 31. Rxa5 Nc6 32. Rb5 Nxa4 33. Rb3 Nd4 34.
Rb8 Nb6 35. Kg1 Ke7 36. Kf1 g6 37. Ke1 Nc6 38. Rb7 Kd7 39. Kd2 Kc8 0-1

[Event "POLFINALY MISTRZOSTW POLSKI JUNIOROW 2021 C-13"]
[Site "Jatrzebia Gora"]
[Date "1899-12-30"]
[Round "3.7"]
[White "Uhryn, Mateusz"]
[Black "Wilgosz, Szczepan"]
[Result "1/2-1/2"]
[WhiteTitle "I"]
[BlackTitle "II"]
[WhiteElo "1393"]
[BlackElo "1297"]

1. c4 Nf6 2. Nc3 g6 3. g3 Bg7 4. Bg2 O-O 5. Nf3 d6 6. O-O e5 7. d3 a5 8. Bg5 h6
9. Bxf6 Qxf6 10. Rb1 c6 11. a3 Be6 12. b4 axb4 13. axb4 d5 14. cxd5 cxd5 15. Nd2
e4 16. Nb5 Qe5 17. Rc1 Na6 18. Nc3 exd3 19. exd3 Nxb4 20. Nf3 Qd6 21. Nb5 Qb6
22. Nc7 Ra3 23. Rb1 Qxc7 24. Rxb4 Ra1 25. Qb3 Rxf1+ 26. Kxf1 Qc1+ 27. Ne1 Bc3
28. Qb1 Qxb1 29. Rxb1 Ra8 30. Rc1 Bxe1 31. Kxe1 Ra3 32. d4 Rd3 33. Rb1 Rxd4 34.
Rxb7 Bg4 35. Rb1 Rd3 36. h3 Bf3 37. Bxf3 Rxf3 38. Ke2 Ra3 39. Rb5 Ra2+ 40. Kf3
d4 41. Rd5 1/2-1/2

[Event "POLFINALY MISTRZOSTW POLSKI JUNIOROW 2021 C-13"]
[Site "Jatrzebia Gora"]
[Date "1899-12-30"]
[Round "3.8"]
[White "Wasiluk, Mateusz"]
[Black "Leszczewicz, Karol"]
[Result "1/2-1/2"]
[WhiteTitle "II"]
[BlackTitle "II+"]
[WhiteElo "1263"]
[BlackElo "1393"]

1. e4 c5 2. Nf3 a6 3. c3 e6 4. d4 d5 5. exd5 exd5 6. Bd3 c4 7. Be2 Bd6 8. O-O Nf6
9. b3 cxb3 10. axb3 O-O 11. c4 Nc6 12. Bg5 Be7 13. Nc3 Be6 14. Ne5 dxc4 15. Nxc6
bxc6 16. bxc4 Qd7 17. Qd2 h6 18. Bf4 Bb4 19. Bd3 Rfd8 20. Be3 Bf5 21. Qc2 Bxd3
22. Qxd3 Ng4 23. h3 Ne5 24. Qc2 Nxc4 25. Na4 Nxe3 26. fxe3 Qe6 27. Rf3 a5 28.
Raf1 Ra7 29. Nc5 Qg6 30. Qc4 Bxc5 31. Qxc5 Rda8 32. Qe5 Qe6 33. Qxe6 fxe6 34.
R3f2 a4 35. Rc1 a3 36. Ra2 Ra6 37. Rc3 Kf7 38. Kf2 Ke7 39. Kf3 Kd6 40. Ke4 Ra5
41. Rd3 Rg5 42. g4 h5 43. Kf4 Rga5 44. e4 hxg4 45. hxg4 Rf8+ 46. Ke3 Rh8 47. Kf4
g5+ 48. Kg3 Rh1 49. Raxa3 Rxa3 50. Rxa3 Re1 51. Kf3 Rf1+ 52. Kg3 Rd1 53. Ra4 Re1
54. Kf3 Rf1+ 55. Ke3 Rf4 56. Ra7 Rxg4 57. e5+ Kd5 58. Ra5+ Kc4 59. Rc5+ Kb4 60.
Rxc6 Rg3+ 61. Ke4 Rg4+ 62. Ke3 Rg3+ 1/2-1/2

[Event "POLFINALY MISTRZOSTW POLSKI JUNIOROW 2021 C-13"]
[Site "Jatrzebia Gora"]
[Date "1899-12-30"]
[Round "3.9"]
[White "Trusewicz, Jakub"]
[Black "Wandor, Adam"]
[Result "1/2-1/2"]
[WhiteTitle "II"]
[BlackTitle "II"]
[WhiteElo "1222"]
[BlackElo "1373"]

1. e4 c6 2. c4 e6 3. Nc3 d5 4. exd5 cxd5 5. cxd5 exd5 6. d4 Nf6 7. Nf3 Nc6 8. Bb5
Be7 9. Ne5 Bd7 10. Nxd7 Qxd7 11. O-O h6 12. Re1 O-O 13. Be3 Bb4 14. a3 Ba5 15.
Qf3 Ne4 16. Rac1 Rad8 17. b4 Nxc3 18. Bxc6 bxc6 19. Rxc3 Bb6 20. Rec1 Rc8 21.
Qh5 Qe6 22. Qh4 Rfe8 23. h3 a5 24. Bd2 axb4 25. axb4 Bd8 26. Qh5 Bb6 27. Re3 Qd6
28. Qg4 h5 29. Qxh5 Bxd4 30. Rf3 g6 31. Qg4 c5 32. Bf4 Qe6 33. Qxe6 Rxe6 34. bxc5
Rxc5 35. Rd1 Be5 36. Bxe5 Rxe5 37. Rfd3 g5 1/2-1/2

[Event "POLFINALY MISTRZOSTW POLSKI JUNIOROW 2021 C-13"]
[Site "Jatrzebia Gora"]
[Date "1899-12-30"]
[Round "3.10"]
[White "Stanik, Szymon"]
[Black "Gawlik, Olivier"]
[Result "0-1"]
[WhiteTitle "II"]
[BlackTitle "II"]
[WhiteElo "1372"]
[BlackElo "1183"]

1. e4 c5 2. Nf3 a6 3. c4 Nc6 4. d4 cxd4 5. Nxd4 Nf6 6. Nc3 e5 7. Nc2 d6 8. h3 h5
9. Bg5 Be6 10. Be2 g6 11. Qd2 Qe7 12. O-O Bg7 13. Rad1 Rd8 14. Nd5 Bxd5 15. cxd5
Nb8 16. Qb4 Rc8 17. Ne3 O-O 18. f4 exf4 19. Rxf4 Qe5 20. h4 Nh7 21. Nc4 Rxc4 22.
Qxc4 Nxg5 23. Rdf1 Qd4+ 24. Qxd4 Bxd4+ 25. Kh1 Nh7 26. b3 Be5 27. R4f3 Nd7 28.
Bd3 Nhf6 29. Bb1 Rc8 30. Re1 Ng4 31. g3 Ndf6 32. Kg2 Kg7 33. Rd3 Nxe4 34. Rxe4
Rc1 35. Re2 Rxb1 36. a4 Rc1 37. Kf3 f5 38. Kg2 Nf6 39. Red2 Ne4 40. Re2 Kf6 41.
Ra2 Bxg3 42. Rxg3 Nxg3 43. Kxg3 Rd1 44. Rb2 Rxd5 45. b4 Rd3+ 46. Kg2 d5 47. a5
g5 48. hxg5+ Kxg5 49. b5 Ra3 50. bxa6 bxa6 51. Rb6 Rxa5 52. Rd6 Rc5 53. Rxa6 Rc2+
54. Kf1 h4 55. Rd6 Rc5 56. Kg2 Kf4 57. Rh6 Ke3 58. Rxh4 Rc4 59. Rh3+ Ke4 60. Kf2
Rc2+ 0-1